000 00332nam a22001333 4500
001 206680
005 20250522130911.0
090 _a206680
100 _a20250522 ukry50
101 _aukr
102 _aUA
200 _a
_i2025
801 _2unimarc
_aUA
_gpsbo
942 _cNEWSPAPER